Introduction To Opreating Systems & Networks (Record no. 23615)

MARC details
000 -LEADER
fixed length control field 00351nam a22001457a 4500
003 - CONTROL NUMBER IDENTIFIER
control field OSt
005 - DATE AND TIME OF LATEST TRANSACTION
control field 20211223094011.0
008 - FIXED-LENGTH DATA ELEMENTS--GENERAL INFORMATION
fixed length control field 211223b |||||||| |||| 00| 0 eng d
020 ## - INTERNATIONAL STANDARD BOOK NUMBER
International Standard Book Number 0131118943
040 ## - CATALOGING SOURCE
Transcribing agency HU
082 ## - DEWEY DECIMAL CLASSIFICATION NUMBER
Classification number 004.4468WAT 2004
100 ## - MAIN ENTRY--PERSONAL NAME
Personal name Watson
9 (RLIN) 742
245 ## - TITLE STATEMENT
Title Introduction To Opreating Systems & Networks
942 ## - ADDED ENTRY ELEMENTS (KOHA)
Source of classification or shelving scheme Dewey Decimal Classification
Koha item type Books like text book referance book
Suppress in OPAC No
Holdings
Withdrawn status Lost status Source of classification or shelving scheme Damaged status Not for loan Home library Current library Shelving location Date acquired Total Checkouts Full call number Barcode Date last seen Copy number Price effective from Koha item type
    Dewey Decimal Classification     IoT Library IoT Library General Stacks 12/23/2021   004.4468 WAT 2004 IOTL0000998 12/23/2021 1 12/23/2021 Books like text book referance book